[Event "Avoine op 25th"]
[Site "Avoine"]
[Date "2010.08.??"]
[Round "6"]
[White "Tirard, Hugo"]
[Black "Doncea, Vladimir"]
[Result "1-0"]
[WhiteElo "2443"]
[BlackElo "2474"]
[PlyCount "119"]
[EventDate "2010.07.??"]
[EventType "swiss"]
[EventRounds "9"]
[EventCountry "FRA"]
[WhiteTeamCountry "FRA"]
[BlackTeamCountry "FRA"]

1. e4 c5 2. Nf3 Nc6 3. d4 cxd4 4. Nxd4 Nf6 5. Nc3 d6 6. f3 e5 7. Nb3 Be7 8. Be3
O-O 9. Qd2 a5 10. Bb5 Be6 11. Rd1 Na7 12. Bd3 Nc8 13. Qf2 a4 14. Nc1 a3 15. b3
Qa5 16. Bd2 Qc5 17. N1e2 d5 18. exd5 Nxd5 19. Nxd5 Qxf2+ 20. Kxf2 Bxd5 21. Bc3
Bc5+ 22. Kg3 Ne7 23. Bxe5 Be6 24. Nf4 Nf5+ 25. Bxf5 Bxf5 26. Rd5 Rfc8 27. c4 g6
28. Rhd1 b6 29. h4 Re8 30. Bd4 Bxd4 31. R5xd4 Kg7 32. Kf2 h5 33. Nd5 Rab8 34.
Nc7 Re7 35. Nd5 Re5 36. Re1 Rxe1 37. Kxe1 b5 38. c5 Rd8 39. Rd2 Be6 40. Nb4 Re8
41. Kf2 Kf6 42. Nc2 Rc8 43. b4 Ra8 44. Rd3 Bxa2 45. Rxa3 Ra4 46. Rxa4 bxa4 47.
b5 Ke6 48. Ke3 Bd5 49. Kd4 f6 50. Kc3 g5 51. Ne3 Bb3 52. g3 Kd7 53. f4 gxh4 54.
gxh4 Ke6 55. Kb4 Kd7 56. Nf5 Bd1 57. Ng3 Ke6 58. b6 Kd7 59. Ne4 Bf3 60. Nc3 1-0

[Event "Avoine op 25th"]
[Site "Avoine"]
[Date "2010.08.??"]
[Round "6"]
[White "Galdunts, Sergey"]
[Black "Saatdjian, Thomas"]
[Result "1/2-1/2"]
[WhiteElo "2459"]
[BlackElo "2369"]
[PlyCount "43"]
[EventDate "2010.07.??"]
[EventType "swiss"]
[EventRounds "9"]
[EventCountry "FRA"]
[WhiteTeamCountry "FRA"]
[BlackTeamCountry "FRA"]

1. d4 Nf6 2. Nc3 d5 3. Bg5 Bf5 4. Bxf6 exf6 5. e3 c6 6. Bd3 Be6 7. Nge2 Nd7 8.
O-O f5 9. Nf4 g6 10. Nce2 Bd6 11. c4 Nf6 12. Rc1 O-O 13. cxd5 Nxd5 14. Nxe6
fxe6 15. Qb3 Qb6 16. Be4 Qxb3 17. axb3 Kg7 18. Nc3 Nxc3 19. Rxc3 Rfe8 20. Rd1
Rad8 21. Rcd3 Kf6 22. f4 1/2-1/2

[Event "Avoine op 25th"]
[Site "Avoine"]
[Date "2010.08.??"]
[Round "6"]
[White "Inkiov, Ventzislav"]
[Black "Chanoine, Guillaume"]
[Result "0-1"]
[WhiteElo "2474"]
[BlackElo "2159"]
[PlyCount "52"]
[EventDate "2010.07.??"]
[EventType "swiss"]
[EventRounds "9"]
[EventCountry "FRA"]
[WhiteTeamCountry "FRA"]
[BlackTeamCountry "FRA"]

1. d4 f5 2. c4 Nf6 3. Nc3 g6 4. Nf3 Bg7 5. Qc2 d6 6. e4 fxe4 7. Nxe4 O-O 8.
Nxf6+ Bxf6 9. Bh6 Bf5 10. Bd3 Bxd3 11. Qxd3 Re8 12. h4 e5 13. dxe5 Nc6 14.
O-O-O Nxe5 15. Nxe5 Rxe5 16. f4 Rc5 17. h5 Qe8 18. Kb1 b5 19. hxg6 bxc4 20.
gxh7+ Kh8 21. Qf3 Rb8 22. Rd2 Qg6+ 23. Kc1 c3 24. Rd3 cxb2+ 25. Kb1 Qxh6 26. g4
Qh2 0-1

[Event "Avoine op 25th"]
[Site "Avoine"]
[Date "2010.07.??"]
[Round "6"]
[White "Fomichenko, Svetlana"]
[Black "Fomichenko, Eduard"]
[Result "0-1"]
[WhiteElo "2217"]
[BlackElo "2515"]
[PlyCount "86"]
[EventDate "2010.07.??"]
[EventType "swiss"]
[EventRounds "9"]
[EventCountry "FRA"]
[WhiteTeamCountry "FRA"]
[BlackTeamCountry "FRA"]

1. e4 e5 2. Nf3 Nc6 3. Bb5 a6 4. Bxc6 dxc6 5. d4 exd4 6. Qxd4 Qxd4 7. Nxd4 Bd7
8. Nc3 O-O-O 9. Be3 Bb4 10. Nde2 Re8 11. O-O-O f5 12. exf5 Bxf5 13. a3 Bd6 14.
Ng3 Bg4 15. Rde1 Nf6 16. Kb1 Be5 17. Bd2 Rhf8 18. f3 Bd7 19. Nge4 Nd5 20. Rhf1
h6 21. h4 Bf5 22. h5 Bh7 23. Nxd5 cxd5 24. Nc3 c6 25. Re2 Bg3 26. Be3 Bh4 27.
Bd4 Rxe2 28. Nxe2 Bf6 29. Bxf6 Rxf6 30. Kc1 Kd7 31. Kd2 c5 32. Nc3 d4 33. Nd1
Re6 34. g4 Kd6 35. b3 b5 36. f4 Re4 37. g5 Bf5 38. gxh6 gxh6 39. Rg1 Rxf4 40.
Rg8 Rh4 41. Ra8 Kd5 42. c3 Rh2+ 43. Ke1 Bc2 0-1

[Event "Avoine op 25th"]
[Site "Avoine"]
[Date "2010.07.??"]
[Round "6"]
[White "Frick, Christoph"]
[Black "David, Vincent"]
[Result "0-1"]
[WhiteElo "2224"]
[BlackElo "2421"]
[PlyCount "90"]
[EventDate "2010.07.??"]
[EventType "swiss"]
[EventRounds "9"]
[EventCountry "FRA"]
[WhiteTeamCountry "FRA"]
[BlackTeamCountry "FRA"]

1. Nc3 d5 2. e4 e6 3. g3 dxe4 4. Nxe4 c5 5. Bg2 Nc6 6. Nf3 Be7 7. O-O Nf6 8. d3
O-O 9. Be3 b6 10. Ne5 Nxe5 11. Nxf6+ Bxf6 12. Bxa8 Qd7 13. Bg2 Rd8 14. Qe2 h6
15. Bd2 Nc6 16. Bc3 Nd4 17. Bxd4 cxd4 18. Qe4 Qb5 19. Rfb1 Bd7 20. Qb7 a5 21.
c4 dxc3 22. bxc3 Qc5 23. Rb3 b5 24. d4 Qd6 25. a4 b4 26. cxb4 Rb8 27. Qf3 Bxd4
28. Ra2 Rxb4 29. Rxb4 Qxb4 30. Qa8+ Kh7 31. Qe4+ g6 32. Qc2 e5 33. Bd5 Bh3 34.
Qd1 Kg7 35. Rd2 h5 36. Bc6 Be6 37. Qe2 Bc4 38. Rxd4 exd4 39. Qe5+ Kh7 40. Qxd4
Qe1+ 41. Kg2 Bf1+ 42. Kf3 Be2+ 43. Kf4 Qc1+ 44. Qe3 Qxc6 45. Qxe2 Qxa4+ 0-1

[Event "Avoine op 25th"]
[Site "Avoine"]
[Date "2010.07.??"]
[Round "6"]
[White "Debray, Christopher"]
[Black "Bonn, Thomas"]
[Result "1-0"]
[WhiteElo "2362"]
[BlackElo "2250"]
[PlyCount "84"]
[EventDate "2010.07.??"]
[EventType "swiss"]
[EventRounds "9"]
[EventCountry "FRA"]
[WhiteTeamCountry "FRA"]
[BlackTeamCountry "FRA"]

1. d4 Nf6 2. c4 e6 3. Nf3 Bb4+ 4. Nbd2 O-O 5. a3 Bxd2+ 6. Qxd2 d6 7. e3 Nbd7 8.
Be2 Qe7 9. O-O e5 10. dxe5 dxe5 11. b4 e4 12. Nd4 Ne5 13. Bb2 Re8 14. Kh1 Bg4
15. f4 exf3 16. gxf3 Bh3 17. Rg1 Ng6 18. e4 Rad8 19. Qc3 Kf8 20. Bf1 Bc8 21. c5
Nh4 22. Qe1 Nh5 23. Qf2 g5 24. Bb5 Nf4 25. Qg3 h6 26. Bxe8 Rxe8 27. Rad1 Bh3
28. Rd2 Rd8 29. Qe1 Rxd4 30. Rxd4 Nxf3 31. Qd1 Nxd4 32. Qxd4 Ke8 33. c6 bxc6
34. Qh8+ Qf8 35. Qe5+ Qe7 36. Qh8+ Qf8 37. Qxf8+ Kxf8 38. Be5 Nd3 39. Rg3 Bf1
40. Bxc7 Nb2 41. Kg1 Bc4 42. Bd6+ Kg7 1-0

[Event "Avoine op 25th"]
[Site "Avoine"]
[Date "2010.07.??"]
[Round "6"]
[White "Devallee, Jeremie"]
[Black "Perrin, Guillaume"]
[Result "0-1"]
[WhiteElo "1990"]
[BlackElo "2301"]
[PlyCount "122"]
[EventDate "2010.07.??"]
[EventType "swiss"]
[EventRounds "9"]
[EventCountry "FRA"]
[WhiteTeamCountry "FRA"]
[BlackTeamCountry "FRA"]

1. e4 e5 2. f4 d5 3. exd5 exf4 4. Nf3 Nf6 5. c4 c6 6. dxc6 bxc6 7. d4 Bd6 8.
Bd3 O-O 9. O-O Bg4 10. Nc3 Re8 11. Ne2 Nh5 12. Qc2 g6 13. Bd2 Nd7 14. Rae1 Nf8
15. Qc1 Ne6 16. Be4 Rc8 17. h3 Nf6 18. Bb1 Bxf3 19. Rxf3 Nh5 20. Qc3 Bc7 21. a3
Qd7 22. Ref1 Re7 23. c5 Rd8 24. Rd3 Qd5 25. Bc1 Qg5 26. b4 Qh4 27. Bb2 Neg7 28.
Nc1 Rde8 29. Rdf3 Ng3 30. Rxg3 Qxg3 31. Qxg3 fxg3 32. Ba2 Nf5 33. d5 cxd5 34.
Bf6 Re6 35. Bg5 h6 36. Bd2 Rd8 37. Bb1 Ne3 38. Re1 Rde8 39. Bd3 Kg7 40. Ne2 Nc4
41. Bc1 Ne5 42. Bb5 Rb8 43. Bb2 Kh7 44. Nd4 Nf3+ 45. Nxf3 Rxe1+ 46. Nxe1 Rxb5
47. Nd3 Rb8 48. Kf1 Re8 49. Bc1 Re4 50. a4 g5 51. a5 Kg6 52. a6 Kf5 53. Bd2 Re6
54. b5 Ke4 55. Nb4 Kd4 56. b6 axb6 57. a7 Re8 58. Na6 Be5 59. cxb6 Kd3 60. b7
Kxd2 61. a8=Q Bb8 0-1

[Event "Avoine op 25th"]
[Site "Avoine"]
[Date "2010.08.??"]
[Round "6"]
[White "Ralle, Pierre"]
[Black "Grigore, George Gabriel"]
[Result "0-1"]
[WhiteElo "2135"]
[BlackElo "2532"]
[PlyCount "80"]
[EventDate "2010.07.??"]
[EventType "swiss"]
[EventRounds "9"]
[EventCountry "FRA"]
[WhiteTeamCountry "FRA"]
[BlackTeamCountry "FRA"]

1. Nf3 Nf6 2. d4 g6 3. e3 Bg7 4. Bd3 d6 5. Nbd2 O-O 6. O-O Nbd7 7. c3 e5 8. e4
Re8 9. Re1 b6 10. Nf1 Bb7 11. Ng3 exd4 12. cxd4 c5 13. a4 cxd4 14. Nxd4 a6 15.
Bc2 Rc8 16. Bf4 Nc5 17. f3 Nd5 18. Bc1 Nb4 19. Bb1 d5 20. Nb3 dxe4 21. Nxc5
bxc5 22. Nxe4 c4 23. Ra3 f5 24. Nf2 Qxd1 25. Rxd1 Rcd8 26. Kf1 a5 27. Bg5 Rc8
28. Bc1 Ba6 29. Kg1 Re2 30. Rc3 Bd4 31. Rf1 Bxc3 32. bxc3 Nd3 33. Nxd3 cxd3 34.
Rd1 Bc4 35. Bh6 Bb3 36. Rxd3 Re1+ 37. Kf2 Rxb1 38. Rd7 Bxa4 39. Rg7+ Kh8 40.
Ra7 Bc6 0-1

[Event "Avoine op 25th"]
[Site "Avoine"]
[Date "2010.08.??"]
[Round "6"]
[White "Shirazi, Kamran G"]
[Black "Ribeiro, Romain"]
[Result "1-0"]
[WhiteElo "2428"]
[BlackElo "2159"]
[PlyCount "61"]
[EventDate "2010.07.??"]
[EventType "swiss"]
[EventRounds "9"]
[EventCountry "FRA"]
[WhiteTeamCountry "FRA"]
[BlackTeamCountry "FRA"]

1. d4 e6 2. c4 b6 3. Nc3 Bb7 4. e4 Bb4 5. f3 Qh4+ 6. g3 Qe7 7. Nge2 f5 8. a3
fxe4 9. axb4 exf3 10. Nf4 f2+ 11. Kxf2 Bxh1 12. Bh3 Bb7 13. Nb5 Kd8 14. d5 exd5
15. cxd5 Nf6 16. Qd4 Re8 17. Ne6+ dxe6 18. dxe6+ Kc8 19. Bf4 Nc6 20. Qc4 g5 21.
Bxc7 g4 22. Bf4 Qxe6 23. Nd6+ Kd7 24. Qb5 gxh3 25. Rd1 Ng4+ 26. Kf1 Nxh2+ 27.
Kf2 Ng4+ 28. Kf1 h2 29. Nxb7+ Kc8 30. Nd6+ Kd7 31. Nf5+ 1-0

[Event "Avoine op 25th"]
[Site "Avoine"]
[Date "2010.08.??"]
[Round "6"]
[White "Eden, James"]
[Black "Plachetka, Jan"]
[Result "0-1"]
[WhiteElo "2090"]
[BlackElo "2351"]
[PlyCount "82"]
[EventDate "2010.07.??"]
[EventType "swiss"]
[EventRounds "9"]
[EventCountry "FRA"]
[WhiteTeamCountry "FRA"]
[BlackTeamCountry "FRA"]

1. e4 c5 2. c3 Nf6 3. e5 Nd5 4. d4 cxd4 5. Nf3 e6 6. cxd4 b6 7. Nc3 Nxc3 8.
bxc3 Qc7 9. Bd2 Be7 10. Bd3 Ba6 11. Bxa6 Nxa6 12. Qe2 Nb8 13. O-O O-O 14. c4 d6
15. exd6 Bxd6 16. Qe4 Nd7 17. Rac1 Rac8 18. Rfd1 Qc6 19. Qh4 Qa4 20. d5 Ba3 21.
Rb1 Rxc4 22. Qh3 exd5 23. Be3 Bc5 24. Rxd5 Bxe3 25. fxe3 Nf6 26. Rd4 Qxa2 27.
Rbd1 Rxd4 28. Nxd4 Re8 29. Re1 Qd5 30. Nf5 Qe5 31. Qh4 g6 32. Qg5 Kh8 33. Nh6
Qxg5 34. Nxf7+ Kg7 35. Nxg5 Rxe3 36. Rc1 Re7 37. Nf3 Nd5 38. Nd4 a5 39. Nb5 Re2
40. Rd1 Ne3 41. Rd7+ Kh6 0-1

[Event "Avoine op 25th"]
[Site "Avoine"]
[Date "2010.08.??"]
[Round "6"]
[White "Valette, Christian"]
[Black "Ollier, Pablo"]
[Result "0-1"]
[WhiteElo "2088"]
[BlackElo "2293"]
[PlyCount "72"]
[EventDate "2010.07.??"]
[EventType "swiss"]
[EventRounds "9"]
[EventCountry "FRA"]
[WhiteTeamCountry "FRA"]
[BlackTeamCountry "FRA"]

1. d4 Nc6 2. Nf3 d5 3. Bf4 Nf6 4. h3 e6 5. e3 Bd6 6. Bxd6 Qxd6 7. c3 e5 8. dxe5
Nxe5 9. Nxe5 Qxe5 10. Qd4 Qe7 11. Nd2 O-O 12. O-O-O c5 13. Qh4 b5 14. Bd3 g6
15. e4 c4 16. Rhe1 Re8 17. Bc2 Bb7 18. exd5 Qxe1 19. Rxe1 Rxe1+ 20. Bd1 Kg7 21.
g4 Nxd5 22. g5 Ne7 23. f3 Re6 24. Bc2 Rd8 25. Qf4 Re1+ 26. Bd1 Nf5 27. b3 Rd7
28. bxc4 bxc4 29. h4 h5 30. gxh6+ Kh7 31. h5 Ne3 32. Qe5 Rxd1+ 33. Kb2 R1xd2+
34. Ka3 Nc2+ 35. Kb2 Ne3+ 36. Ka3 Nf5 0-1

[Event "Avoine op 25th"]
[Site "Avoine"]
[Date "2010.07.??"]
[Round "6"]
[White "Menager, Erwan"]
[Black "Lukasiewicz, Grzegorz"]
[Result "1/2-1/2"]
[WhiteElo "2087"]
[BlackElo "2264"]
[PlyCount "37"]
[EventDate "2010.07.??"]
[EventType "swiss"]
[EventRounds "9"]
[EventCountry "FRA"]
[WhiteTeamCountry "FRA"]
[BlackTeamCountry "FRA"]

1. e4 c5 2. Nf3 Nc6 3. d4 cxd4 4. Nxd4 e6 5. Nc3 Qc7 6. Be2 Nf6 7. O-O a6 8.
Be3 d6 9. f4 Be7 10. Nb3 O-O 11. a4 e5 12. a5 exf4 13. Rxf4 Be6 14. Nd5 Bxd5
15. exd5 Ne5 16. c4 Nfd7 17. Qd2 Rfe8 18. Rc1 Bg5 19. Re4 1/2-1/2

[Event "Avoine op 25th"]
[Site "Avoine"]
[Date "2010.07.??"]
[Round "6"]
[White "Pucher, Sebastien"]
[Black "Nord, Antoine"]
[Result "1-0"]
[WhiteElo "2251"]
[BlackElo "1937"]
[PlyCount "105"]
[EventDate "2010.07.??"]
[EventType "swiss"]
[EventRounds "9"]
[EventCountry "FRA"]
[WhiteTeamCountry "FRA"]
[BlackTeamCountry "FRA"]

1. e4 c6 2. d4 d5 3. Nc3 dxe4 4. Nxe4 Bf5 5. Ng3 Bg6 6. h4 h6 7. Nf3 Nd7 8. h5
Bh7 9. Bd3 Bxd3 10. Qxd3 e6 11. Bd2 Ngf6 12. O-O-O Bd6 13. Ne4 Nxe4 14. Qxe4
Nf6 15. Qe2 Qc7 16. Kb1 O-O-O 17. c4 c5 18. Bc3 Qe7 19. Ne5 Rhg8 20. f4 Nd7 21.
Ba5 Bc7 22. Bxc7 Kxc7 23. Nxd7 Rxd7 24. Qe5+ Kc8 25. dxc5 Rgd8 26. Kc2 f6 27.
Qe3 Qe8 28. Rxd7 Qxd7 29. b3 Qc6 30. Rg1 Rd7 31. g4 Qc7 32. Rg2 Qc6 33. Re2 Re7
34. g5 Qh1 35. gxf6 gxf6 36. f5 Qxh5 37. fxe6 Qg5 38. Qe4 Qxc5 39. Qd5 Qc6 40.
Rd2 Qc7 41. Qg2 Qc6 42. Qd5 Qc7 43. c5 Rg7 44. b4 a6 45. Qd4 Qe7 46. Qe4 Qe8
47. Kb2 Re7 48. Rd6 Rc7 49. Rxa6 Kb8 50. Rd6 h5 51. Qf4 Kc8 52. Qxf6 Re7 53.
Kb3 1-0

[Event "Avoine op 25th"]
[Site "Avoine"]
[Date "2010.07.??"]
[Round "6"]
[White "Suez Panama, Gilles"]
[Black "Godart, Francois"]
[Result "1/2-1/2"]
[WhiteElo "2081"]
[BlackElo "2240"]
[PlyCount "49"]
[EventDate "2010.07.??"]
[EventType "swiss"]
[EventRounds "9"]
[EventCountry "FRA"]
[WhiteTeamCountry "FRA"]
[BlackTeamCountry "FRA"]

1. d4 Nf6 2. Nf3 e6 3. c4 d5 4. g3 dxc4 5. Bg2 a6 6. Ne5 c5 7. e3 cxd4 8. exd4
Be7 9. O-O O-O 10. Nc3 Ra7 11. Nxc4 b5 12. Ne5 Bb7 13. Bxb7 Rxb7 14. Qf3 Rb6
15. Be3 Rd6 16. Rad1 Qe8 17. a3 Nc6 18. Nxc6 Qxc6 19. Qxc6 Rxc6 20. d5 exd5 21.
Nxd5 Nxd5 22. Rxd5 Rc2 23. Rd7 Re8 24. Rfd1 Bf6 25. b4 1/2-1/2

[Event "Avoine op 25th"]
[Site "Avoine"]
[Date "2010.07.??"]
[Round "6"]
[White "Aumont, Alexandre"]
[Black "Crouan, Stephane"]
[Result "1/2-1/2"]
[WhiteElo "1898"]
[BlackElo "2216"]
[PlyCount "113"]
[EventDate "2010.07.??"]
[EventType "swiss"]
[EventRounds "9"]
[EventCountry "FRA"]
[WhiteTeamCountry "FRA"]
[BlackTeamCountry "FRA"]

1. d4 Nf6 2. c4 g6 3. Nc3 Bg7 4. e4 O-O 5. f3 d6 6. Bg5 h6 7. Be3 a6 8. Qd2 Kh7
9. Bd3 Nc6 10. Nge2 Rb8 11. O-O Nd7 12. Bc2 b5 13. cxb5 axb5 14. b3 Nb4 15.
Rac1 Nxc2 16. Qxc2 c6 17. a4 bxa4 18. Nxa4 Ba6 19. Rfe1 Qa5 20. Ra1 Bxe2 21.
Rxe2 Qb4 22. Qxc6 Bxd4 23. Rd1 Ne5 24. Qc2 Bxe3+ 25. Rxe3 Rfc8 26. Qd2 Qxd2 27.
Rxd2 Rb4 28. Rc3 Rxc3 29. Nxc3 Rxb3 30. Nd5 Rb7 31. f4 Ng4 32. Rd1 e6 33. h3
exd5 34. hxg4 dxe4 35. Rxd6 Kg7 36. Rd4 f5 37. gxf5 gxf5 38. Rd5 Kg6 39. Kf2
Rb3 40. Re5 Ra3 41. Rb5 Ra6 42. Re5 Rb6 43. Ke2 h5 44. Re8 Rb2+ 45. Kf1 Rb7 46.
Kf2 h4 47. Rg8+ Rg7 48. Rf8 Rh7 49. Rg8+ Kf7 50. Ra8 Rg7 51. Ra7+ Kg6 52. Ra5
Rg8 53. Ra6+ Kh5 54. Rf6 Kg4 55. Ke3 Rg7 56. Rf8 Rg6 57. Rf7 1/2-1/2

[Event "Avoine op 25th"]
[Site "Avoine"]
[Date "2010.07.??"]
[Round "6"]
[White "Siclet, Mathieu"]
[Black "Duhayon, Yves"]
[Result "0-1"]
[WhiteElo "1845"]
[BlackElo "2211"]
[PlyCount "114"]
[EventDate "2010.07.??"]
[EventType "swiss"]
[EventRounds "9"]
[EventCountry "FRA"]
[WhiteTeamCountry "FRA"]
[BlackTeamCountry "FRA"]

1. d4 d5 2. Nf3 Nf6 3. e3 Bg4 4. Be2 e6 5. Ne5 Bxe2 6. Qxe2 c6 7. Nd2 Nbd7 8.
f4 Bd6 9. O-O Qe7 10. a3 O-O 11. c3 Ne8 12. e4 f5 13. Nxd7 Qxd7 14. e5 Be7 15.
b4 a5 16. Nb3 axb4 17. cxb4 Nc7 18. Bb2 Ra7 19. Rfc1 Rfa8 20. Qd2 Nb5 21. a4
Rxa4 22. Nc5 Bxc5 23. bxc5 Qd8 24. Rxa4 Rxa4 25. Qd1 Ra7 26. Bc3 Qh4 27. Qf1 g5
28. Be1 Qxf4 29. Qxf4 gxf4 30. Rd1 Kf7 31. Rd3 Ra3 32. Rxa3 Nxa3 33. Bc3 Nc4
34. Kf2 b5 35. cxb6 Nxb6 36. Kf3 Na4 37. Bb4 Nb2 38. Ba3 Nc4 39. Bb4 Ne3 40.
Bd2 Ke7 41. Kxf4 Nc4 42. Bb4+ Kf7 43. Bc5 Nd2 44. Bb4 Ne4 45. Ba3 h5 46. h3 Ke8
47. Bb4 Kd7 48. Bf8 Kc7 49. Be7 Kb6 50. Ba3 Kb5 51. Bc1 c5 52. dxc5 Kxc5 53. g4
hxg4 54. hxg4 fxg4 55. Kxg4 d4 56. Kf3 Kd5 57. Ke2 Kxe5 0-1

[Event "Avoine op 25th"]
[Site "Avoine"]
[Date "2010.07.??"]
[Round "6"]
[White "Cau, Benjamin"]
[Black "Algaba, Pedro"]
[Result "1-0"]
[WhiteElo "2172"]
[BlackElo "1900"]
[PlyCount "107"]
[EventDate "2010.07.??"]
[EventType "swiss"]
[EventRounds "9"]
[EventCountry "FRA"]
[WhiteTeamCountry "FRA"]
[BlackTeamCountry "FRA"]

1. e4 c5 2. Nf3 d6 3. d4 cxd4 4. Nxd4 Nf6 5. Nc3 a6 6. g3 Nc6 7. Bg2 Bg4 8. Qd2
e5 9. Nb3 Be7 10. h3 Bd7 11. O-O O-O 12. Qd1 Rc8 13. Re1 h6 14. Nd2 b5 15. a3
Na5 16. Nf1 Nc4 17. Qd3 Qc7 18. Ne3 Nxe3 19. Bxe3 Rfd8 20. Kh2 Be6 21. Rac1 Qd7
22. Red1 Bc4 23. Qd2 Qc6 24. Nd5 Bxd5 25. exd5 Qb7 26. c3 Nd7 27. Ra1 f5 28. a4
Nc5 29. Bxc5 Rxc5 30. axb5 Rxb5 31. b4 Ra8 32. Bf1 Rb6 33. Ra5 Bf6 34. Rda1 e4
35. R1a3 Qc8 36. b5 Bd8 37. Rxa6 Rbxa6 38. Rxa6 Rxa6 39. bxa6 Qc5 40. h4 Bb6
41. Kg2 Kf7 42. h5 Kf6 43. g4 e3 44. Qd3 exf2 45. Qxf5+ Ke7 46. Bd3 Qe3 47. Be4
Bc5 48. a7 f1=Q+ 49. Kxf1 Qc1+ 50. Ke2 Qb2+ 51. Bc2 Qb7 52. Qe6+ Kf8 53. Kf3
Qa6 54. a8=Q+ 1-0

[Event "Avoine op 25th"]
[Site "Avoine"]
[Date "2010.07.??"]
[Round "6"]
[White "Le Borgne, Pierre"]
[Black "Hori, Shinya"]
[Result "1-0"]
[WhiteElo "2216"]
[BlackElo "1957"]
[PlyCount "187"]
[EventDate "2010.07.??"]
[EventType "swiss"]
[EventRounds "9"]
[EventCountry "FRA"]
[WhiteTeamCountry "FRA"]
[BlackTeamCountry "FRA"]

1. e4 e6 2. d4 d5 3. Nc3 dxe4 4. Nxe4 Bd7 5. Nf3 Bc6 6. Bd3 Nd7 7. Qe2 Ngf6 8.
Ng3 Bxf3 9. Qxf3 c6 10. O-O Be7 11. b3 O-O 12. Bb2 Qa5 13. a3 Rfe8 14. Rfe1
Rad8 15. c4 Nf8 16. Re5 Qc7 17. Rae1 Rd7 18. b4 Red8 19. R5e3 Ng6 20. Nh5 Qd6
21. Bc2 b5 22. c5 Qd5 23. Nxf6+ Bxf6 24. Be4 Qa2 25. R3e2 Rd5 26. Ra1 Qc4 27.
Rc2 Nh4 28. Qd1 Qb3 29. Rd2 Qxd1+ 30. Raxd1 Ng6 31. Bxd5 Rxd5 32. Bc3 Ne7 33.
Ra2 a6 34. a4 g6 35. axb5 axb5 36. g4 Kg7 37. Kg2 Rd7 38. Kf3 Nd5 39. Be1 h6
40. Ra6 Ne7 41. Bc3 Nd5 42. Bd2 Ne7 43. Bc3 Nd5 44. Be1 Ne7 45. Ke2 g5 46. f3
Rd8 47. Rd3 h5 48. h3 h4 49. Bd2 Kg6 50. f4 gxf4 51. Bxf4 Nd5 52. Bd2 Ne7 53.
Bc3 Rc8 54. Kd2 Nd5 55. Rf3 Rc7 56. Kd3 Rd7 57. Rxc6 Nxb4+ 58. Bxb4 Rxd4+ 59.
Kc2 Rxb4 60. Rb3 Rc4+ 61. Kd3 Rd4+ 62. Ke3 b4 63. Rc8 Rc4 64. c6 Be5 65. Kd3
Rd4+ 66. Ke2 Rc4 67. Rf3 f6 68. Kd2 Kg7 69. Rd3 Kg6 70. Ke3 Bf4+ 71. Kf3 Be5
72. Ke2 Rc2+ 73. Kd1 Rc4 74. Rb3 Kf7 75. Ke2 Ke7 76. Rd3 Bd6 77. Rh8 Rxc6 78.
Rh7+ Ke8 79. Rxh4 Kf7 80. Rh7+ Kg6 81. Rb7 Bc5 82. h4 Rc8 83. Rdd7 Be7 84. Ke3
Rc4 85. Kf3 Rc3+ 86. Ke2 Rc4 87. Rd8 Bc5 88. Rh8 Rxg4 89. h5+ Kg5 90. Rb5 Rc4
91. Rc8 Re4+ 92. Kf3 Rf4+ 93. Kg3 Rg4+ 94. Kh3 1-0

[Event "Avoine op 25th"]
[Site "Avoine"]
[Date "2010.07.??"]
[Round "6"]
[White "Foussard, Gervais"]
[Black "Bonnaud, Remy"]
[Result "0-1"]
[WhiteElo "1950"]
[BlackElo "2189"]
[PlyCount "48"]
[EventDate "2010.07.??"]
[EventType "swiss"]
[EventRounds "9"]
[EventCountry "FRA"]
[WhiteTeamCountry "FRA"]
[BlackTeamCountry "FRA"]

1. e4 e5 2. Nc3 Nc6 3. Nf3 Nf6 4. Bb5 d6 5. d4 exd4 6. Nxd4 Bd7 7. f3 Be7 8. a4
O-O 9. O-O Nxd4 10. Qxd4 c6 11. Bc4 Be6 12. Bxe6 fxe6 13. e5 c5 14. Qe3 Nd5 15.
Qe1 Nxc3 16. exd6 Qxd6 17. Qxc3 Bf6 18. Qe1 Rad8 19. Be3 b6 20. Rb1 Qc6 21. b3
Rd5 22. Qe2 Rfd8 23. Rfe1 Bc3 24. Bg5 Rxg5 0-1

[Event "Avoine op 25th"]
[Site "Avoine"]
[Date "2010.07.??"]
[Round "6"]
[White "Cibeau, Axel"]
[Black "Duboue, Peio"]
[Result "0-1"]
[WhiteElo "1868"]
[BlackElo "2015"]
[PlyCount "78"]
[EventDate "2010.07.??"]
[EventType "swiss"]
[EventRounds "9"]
[EventCountry "FRA"]
[WhiteTeamCountry "FRA"]
[BlackTeamCountry "FRA"]

1. e4 e5 2. Nf3 Nc6 3. d4 exd4 4. Bc4 Nf6 5. e5 d5 6. exd6 Bxd6 7. O-O O-O 8.
Bg5 Bg4 9. h3 Bxf3 10. Qxf3 Ne5 11. Qb3 Nxc4 12. Qxc4 c5 13. Nd2 Be7 14. Rfe1
b6 15. Re2 Nd5 16. Bxe7 Nxe7 17. Rae1 Nd5 18. Re5 Nf4 19. Rf5 Ne6 20. Nf3 Qd6
21. Ne5 Rae8 22. Re4 g6 23. Rf6 Qd8 24. Ng4 h5 25. Rxg6+ fxg6 26. Rxe6 Rxe6 27.
Qxe6+ Kh7 28. Ne5 Qf6 29. Qd7+ Kh8 30. Nf3 g5 31. Qd5 Qf5 32. Qd6 g4 33. hxg4
hxg4 34. Qh6+ Kg8 35. Ng5 Qxf2+ 36. Kh2 Qf4+ 37. Kg1 Qf5 38. Ne6 Rf7 39. Nd8 g3
0-1

[Event "Avoine op 25th"]
[Site "Avoine"]
[Date "2010.07.??"]
[Round "6"]
[White "Voss, Janine"]
[Black "Hadet, Emmanuel"]
[Result "1-0"]
[WhiteElo "1797"]
[BlackElo "2016"]
[PlyCount "109"]
[EventDate "2010.07.??"]
[EventType "swiss"]
[EventRounds "9"]
[EventCountry "FRA"]
[WhiteTeamCountry "FRA"]
[BlackTeamCountry "FRA"]

1. e4 c6 2. d4 d5 3. exd5 cxd5 4. c4 Nf6 5. Nc3 Nc6 6. Bg5 e6 7. Nf3 Be7 8. c5
O-O 9. Bb5 Ne4 10. Bxe7 Nxe7 11. Rc1 Bd7 12. Bd3 f5 13. O-O Rf6 14. Ne5 Nc6 15.
Nxd7 Qxd7 16. Bb5 Rh6 17. Ne2 Qc7 18. g3 g5 19. f3 Nf6 20. Qd2 Qg7 21. b4 Kh8
22. Bd3 Nh5 23. Bb1 a6 24. a4 a5 25. b5 Nb4 26. f4 g4 27. Rce1 Nf6 28. Kg2 Ne4
29. Bxe4 dxe4 30. Rc1 Rc8 31. Rc4 Qf7 32. Kg1 Nd3 33. Nc1 Nb4 34. Rd1 Qh5 35.
Nb3 Nd3 36. Nxa5 e3 37. Qg2 Nf2 38. Re1 Nh3+ 39. Kh1 Nf2+ 40. Kg1 Nh3+ 41. Kf1
e5 42. dxe5 Rd8 43. Rxe3 Rd1+ 44. Re1 Rd3 45. c6 bxc6 46. bxc6 Nxf4 47. Rxf4
Qf7 48. Qc2 Qd5 49. c7 Qh1+ 50. Ke2 Rxh2+ 51. Kxd3 Qd5+ 52. Rd4 Qf3+ 53. Re3
Qf1+ 54. Re2 Qf3+ 55. Kc4 1-0

[Event "Avoine op 25th"]
[Site "Avoine"]
[Date "2010.07.??"]
[Round "6"]
[White "Bognet, Ronan"]
[Black "Ashanina, Olga"]
[Result "0-1"]
[WhiteElo "1780"]
[BlackElo "2012"]
[PlyCount "122"]
[EventDate "2010.07.??"]
[EventType "swiss"]
[EventRounds "9"]
[EventCountry "FRA"]
[WhiteTeamCountry "FRA"]
[BlackTeamCountry "FRA"]

1. Nf3 Nf6 2. g3 e6 3. c4 d5 4. cxd5 exd5 5. Bg2 Bd6 6. O-O O-O 7. Nc3 c6 8. d3
Re8 9. Re1 Nbd7 10. e4 dxe4 11. dxe4 Qc7 12. Nd4 Bb4 13. Qc2 Ne5 14. f4 Bc5 15.
Nce2 Qb6 16. Qa4 Nd3 17. Rd1 Nxc1 18. Raxc1 Nxe4 19. Kf1 Bg4 20. Nf3 Bg1 21.
Ned4 Bxd4 22. Rxd4 Qxb2 23. Qc2 Qxc2 24. Rxc2 Bf5 25. Rb2 Nc5 26. Ne5 Rad8 27.
Rbd2 Rxd4 28. Rxd4 f6 29. Nf3 Bd3+ 30. Kf2 Re2+ 31. Kg1 Rxa2 32. Rd8+ Kf7 33.
Nd4 Bc4 34. Rc8 a5 35. Rc7+ Kg6 36. h4 Bd3 37. Bh3 f5 38. Nxc6 Ra1+ 39. Kh2 Be4
40. Ne5+ Kf6 41. Bg2 Ra2 42. Rxc5 Rxg2+ 43. Kh3 h5 44. Rxa5 Rg1 45. Ra2 b5 46.
Nd7+ Ke7 47. Nc5 Rh1+ 48. Rh2 Rxh2+ 49. Kxh2 Kd6 50. Nb3 Kd5 51. Kg1 Kc4 52.
Nc1 b4 53. Kf2 b3 54. Nxb3 Kxb3 55. Ke2 Kc3 56. Ke3 Bd5 57. Ke2 Kd4 58. Kf2 Kd3
59. Kf1 Ke3 60. Kg1 Kf3 61. Kh2 Kg4 0-1